| 000 | 00748nam a22001937a 4500 | ||
|---|---|---|---|
| 003 | MX-MxUPN | ||
| 005 | 20250604124445.0 | ||
| 008 | 250604s2003 cc| ||||r|||| 000 0 eng d | ||
| 040 |
_aMX-MxUPN _bspa |
||
| 041 | 0 | _aeng | |
| 050 | 4 |
_aL571 _bC66 2003 |
|
| 110 | 2 |
_aComisión Nacional de la República Popular China para la UNESCO _956812 |
|
| 245 | 0 | 0 |
_aNational report on the progress of EFA in China : _bactions taken to realize the commitment to the Dakar framework for action |
| 260 |
_aPeople's Republic of China : _bMinistry of Education, Chinese National Commission for Unesco : _c2003 |
||
| 300 | _a45 páginas | ||
| 610 | 2 | 0 |
_aEducación para todos (Proyecto) _zChina _956811 |
| 902 | _bVíctorGodínez/040625 | ||
| 942 |
_2lcc _cLIBRO |
||
| 999 |
_c213420 _d213420 |
||